LEADER 00806nam0-22002891i-450- 001 990000255360403321 005 20001010 035 $a000025536 035 $aFED01000025536 035 $a(Aleph)000025536FED01 035 $a000025536 100 $a20001010d--------km-y0itay50------ba 101 0 $aita 105 $ay-------001yy 200 1 $a<>program for self-instruction$eIntroduction to Fortran$fS. C. Plumb. 210 $aNew York$cMcGraw-Hill$dcopyr. 1961 215 $aVII, [5], 203 p. ill. 24 cm 610 0 $aCalcolatori 700 1$aPlumb,$bS. C.$012662 801 0$aIT$bUNINA$gRICA$2UNIMARC 901 $aBK 912 $a990000255360403321 952 $a09 011-011$b1725$fDINAE 959 $aDINAE 996 $aProgram for self-instruction$9117743 997 $aUNINA DB $aING01 LEADER 02083nam 2200349 450 001 996278325503316 005 20230417155557.0 010 $a1-5090-4111-7 035 $a(CKB)3710000001507805 035 $a(NjHacI)993710000001507805 035 $a(EXLCZ)993710000001507805 100 $a20230417d2016 uy 0 101 0 $aeng 135 $aur||||||||||| 181 $ctxt$2rdacontent 182 $cc$2rdamedia 183 $acr$2rdacarrier 200 10$a2016 International Conference on Fuzzy Theory and Its Applications (iFuzzy) /$fIEEE Staff 210 1$aPiscataway, New Jersey :$cInstitute of Electrical and Electronics Engineers,$d2016. 215 $a1 online resource 311 $a1-5090-4112-5 330 $aThe major goal of this conference is therefore to bring together practitioners and scholars from all areas to discuss, demonstrate and exchange research ideas within the scope of fuzzy theory and its applications The iFuzzy was initiated and hosted by the Taiwan Fuzzy System Association (TFSA) in 2012 To provide better opportunities to disseminate the research results presented at the conference, accepted papers would be published in the proceeding of iFuzzy 2016 and also be included in the IEEE Xplore digital library optionally At this conference, we have a session for the special issue of International Journal of Fuzzy Systems (IJFS) This journal is indexed in the Science Citation Index Expanded (SCIE) It well be a question and answer session for elected papers and the session is open to all the audience The guest editors will decide whether to accept those paper to be published in the coming issue of International Journal of Fuzzy Systems on site. 517 $a2016 International Conference on Fuzzy Theory and Its Applications 606 $aFuzzy sets$vCongresses 615 0$aFuzzy sets 676 $a511.322 801 0$bNjHacI 801 1$bNjHacl 906 $aPROCEEDING 912 $a996278325503316 996 $a2016 International Conference on Fuzzy Theory and Its Applications (iFuzzy)$92546411 997 $aUNISA